000 00967nam0a22002411 4500
001 rc\542205
005 20260407095854.0
035 _a(NLR Aleph) 005779014
090 _a5099958
_c5099958
100 _a20030616d1987 |||y0rusy50 ca
101 0 _arus
102 _aRU
105 _ay |||||||||
200 1 _aТурбоабразивная обработка деталей сложного профиля
_eВсесоюз. науч.-техн. семинар
_eТез. докл., 20-22 окт. 1987 г.
210 _aЛ.
_cБ. и.
_d1987
215 _a39, [1] с.
_d22
300 _aВ надзаг.: М-во станкостроит. и инструм. пром-сти СССР, ВНИИ абразивов и шлифования
712 0 2 _aВНИИ абразивов и шлифования
_cЛенинград
_3RU\NLR\AUTH\889925506
_9346806
801 0 _aRU
_bNLR
_gpsbo
801 1 _aRU
_bELAR
_2rusmarc
852 _aNLR
_j87-6/3278
942 _cBOOK
980 _aNB